000 00550nam a2200193Ia 4500
005 20250923145150.0
008 008 250917s9999 xx 000 0 eng d
037 _aTextual
040 _aDSWL
_beng
_cDSWL
041 _aeng
_2eng
084 _aYt
_qDSWL
100 _aRodgers, Brian
_9832441
245 0 _aBattle against poverty: From pauperism to human rights
_cby Brian Rodgers
260 _aLondon
_bRoutledge & Kegan paul
_c1968
365 _aINR
_b16
925 _g16
942 _cTEXL
_hYt
999 _c1447948
_d1447948